00446nam a2200181Ia 4500001000900000003000500009005001700014008004100031010001100072040000900083082001300092100001500105245002800120260004000148300001800188650003800206650002000244dia_1212CHAP20230120135815.0220117s1958 xx 000 0 und d a171754 cCHAP a519.9 C6 aCox, D. R. aPlanning of Experiments aNew York, Wiley Internationalc1958 a308 pp. ilus. aEstadística matemática. i.t . aEstadística.